<?xml version="1.0" encoding="UTF-8"?><?xml-stylesheet type="text/xsl" href="static/style.xsl"?><OAI-PMH xmlns="http://www.openarchives.org/OAI/2.0/" xmlns:xsi="http://www.w3.org/2001/XMLSchema-instance" xsi:schemaLocation="http://www.openarchives.org/OAI/2.0/ http://www.openarchives.org/OAI/2.0/OAI-PMH.xsd"><responseDate>2026-04-27T12:35:34Z</responseDate><request verb="GetRecord" identifier="oai:uvadoc.uva.es:10324/73693" metadataPrefix="marc">https://uvadoc.uva.es/oai/request</request><GetRecord><record><header><identifier>oai:uvadoc.uva.es:10324/73693</identifier><datestamp>2025-02-19T07:37:00Z</datestamp><setSpec>com_10324_1179</setSpec><setSpec>com_10324_931</setSpec><setSpec>com_10324_894</setSpec><setSpec>col_10324_1306</setSpec></header><metadata><record xmlns="http://www.loc.gov/MARC21/slim" xmlns:doc="http://www.lyncode.com/xoai" xmlns:xsi="http://www.w3.org/2001/XMLSchema-instance" xmlns:dcterms="http://purl.org/dc/terms/" xsi:schemaLocation="http://www.loc.gov/MARC21/slim http://www.loc.gov/standards/marcxml/schema/MARC21slim.xsd">
<leader>00925njm 22002777a 4500</leader>
<datafield tag="042" ind1=" " ind2=" ">
<subfield code="a">dc</subfield>
</datafield>
<datafield tag="720" ind1=" " ind2=" ">
<subfield code="a">Luis Román, Daniel Antonio de</subfield>
<subfield code="e">author</subfield>
</datafield>
<datafield tag="720" ind1=" " ind2=" ">
<subfield code="a">Izaola Jauregui, Olatz</subfield>
<subfield code="e">author</subfield>
</datafield>
<datafield tag="720" ind1=" " ind2=" ">
<subfield code="a">Primo Martín, David</subfield>
<subfield code="e">author</subfield>
</datafield>
<datafield tag="720" ind1=" " ind2=" ">
<subfield code="a">López Gómez, Juan José</subfield>
<subfield code="e">author</subfield>
</datafield>
<datafield tag="720" ind1=" " ind2=" ">
<subfield code="a">Pacheco Sánchez, David</subfield>
<subfield code="e">author</subfield>
</datafield>
<datafield tag="260" ind1=" " ind2=" ">
<subfield code="c">2024</subfield>
</datafield>
<datafield tag="520" ind1=" " ind2=" ">
<subfield code="a">BACKGROUND &amp; AIMS: Some studies have reported links between 25-hydroxyvitamin D levels and the presence of obesity and&#xd;
some genetic variants. The aim of our design was to evaluate the effects of rs2282679 genetic variant of CG gene on 25-&#xd;
hydroxyvitamin D levels, weight loss and metabolic parameters after a robotic sleeve gastrectomy in premenopausal females with&#xd;
obesity.&#xd;
METHODS: 76 participants were enrolled. 25-hydroxyvitamin D levels, biochemical evaluation and anthropometric parameters were&#xd;
registered before surgery and after 3, 6 and 12 months follow up. Genotype of rs2282679 CG gene was evaluated.&#xd;
RESULTS: The improvements in anthropometric parameters, blood pressure and lipid profile were similar in both genotypes (TT vs&#xd;
TG+ GG). Basal insulin levels and HOMA-IR were greater in G allele carriers than non-carriers (Delta: 6.7 ± 1.2 mUI/L; p = 0.01) and&#xd;
(Delta: 1.3 ± 0.1 units; p =0.02). 25-hydroxyvitamin D levels were lower in G allele carriers than non-carriers (Delta: 8.1 ± 1.1 ng/dl;&#xd;
p =0.03). The levels of insulin and HOMA-IR remained greater in G allele carriers than non-carriers throughout all the visits. The levels&#xd;
of 25-hydroxyvitamin D remained lower in G allele carriers than non-G allele. The average level of 25-hydroxyvitamin D at 12 months&#xd;
in non-G allele carriers were above 30 ng/dl (36.0 ± 3.1 ng/dl) and the level in G allele carriers were below (24.9 ± 4.9 ng/dl).&#xd;
CONCLUSIONS: rs 2282679 (GC) was related with low 25 hydroxyvitamin D levels and insulin resistance. In addition, the presence of&#xd;
G allele produced a decrease in the improvement of 25-hydroxyvitamin D levels and insulin resistance after weight loss during&#xd;
12 months.</subfield>
</datafield>
<datafield tag="024" ind2=" " ind1="8">
<subfield code="a">Nutrition and Diabetes, 2024, vol. 14, 12</subfield>
</datafield>
<datafield tag="024" ind2=" " ind1="8">
<subfield code="a">https://uvadoc.uva.es/handle/10324/73693</subfield>
</datafield>
<datafield tag="024" ind2=" " ind1="8">
<subfield code="a">10.1038/s41387-024-00272-8</subfield>
</datafield>
<datafield tag="024" ind2=" " ind1="8">
<subfield code="a">1</subfield>
</datafield>
<datafield tag="024" ind2=" " ind1="8">
<subfield code="a">Nutrition &amp; Diabetes</subfield>
</datafield>
<datafield tag="024" ind2=" " ind1="8">
<subfield code="a">14</subfield>
</datafield>
<datafield tag="024" ind2=" " ind1="8">
<subfield code="a">2044-4052</subfield>
</datafield>
<datafield tag="245" ind1="0" ind2="0">
<subfield code="a">Role of rs2282679 in 25-hydroxyvitamin D levels and insulin resistance after a sleeve gastrectomy</subfield>
</datafield>
</record></metadata></record></GetRecord></OAI-PMH>